[Event "LTU-chT"]
[Site "Lithuania"]
[Date "2020.09.25"]
[Round "3.1"]
[White "Pluta, Paulius"]
[Black "Sakalauskas, Vaidas"]
[Result "0-1"]
[WhiteElo "1826"]
[BlackElo "2338"]
[PlyCount "72"]
[EventDate "2020.01.25"]
[EventType "team-swiss"]
[EventRounds "7"]
[EventCountry "LTU"]
[SourceTitle "EXT 2021"]
[Source "ChessBase"]
[SourceDate "2020.10.23"]
[SourceVersion "1"]
[SourceVersionDate "2020.10.23"]
[SourceQuality "1"]
[WhiteTeam "Kaunas SBK"]
[BlackTeam "Vilnius MRU"]
[WhiteTeamCountry "LTU"]
[BlackTeamCountry "LTU"]

1. e4 c5 2. c3 d5 3. exd5 Qxd5 4. d4 g6 5. Nf3 Nf6 6. Na3 cxd4 7. Nb5 Na6 8. Qxd4 Bg7 9. Bc4 Qxd4 10. Nfxd4 0-0 11. Be3 Bd7 12. Nf3 Rfc8 13. Be2 Nc5 14. Ne5 Be6 15. Nd4 Bd5 16. 0-0 Ne8 17. Nd3 Nxd3 18. Bxd3 Nd6 19. Nb5 Nxb5 20. Bxb5 a6 21. Rfd1 e6 22. Ba4 b5 23. Bb3 Bc4 24. Bb6 a5 25. Rd7 b4 26. Bd4 Bxd4 27. Rxd4 Bxb3 28. axb3 bxc3 29. bxc3 Rxc3 30. b4 a4 31. g3 Rb3 32. h4 a3 33. Kg2 Rb2 34. b5 a2 35. b6 Rxb6 36. Rd2 Rba6 0-1

[Event "Plunge op 40th"]
[Site "Plateliai"]
[Date "2020.07.18"]
[Round "8"]
[White "Pluta, Paulius"]
[Black "Baumilas, Silvestras"]
[Result "1/2-1/2"]
[WhiteElo "1817"]
[BlackElo "1474"]
[PlyCount "52"]
[EventDate "2020.07.13"]
[EventType "swiss"]
[EventRounds "9"]
[EventCountry "LTU"]
[SourceTitle "CBM 197 Extra"]
[Source "ChessBase"]
[SourceDate "2020.09.30"]
[SourceVersion "1"]
[SourceVersionDate "2020.09.30"]
[SourceQuality "1"]

1. e4 c5 2. c3 Nf6 3. e5 Nd5 4. d4 d6 5. Nf3 cxd4 6. cxd4 dxe5 7. Nxe5 Nc6 8. Nxc6 bxc6 9. Bd3 g6 10. Nc3 Bd7 11. 0-0 Bg7 12. Bc4 e6 13. Ne4 0-0 14. Bg5 f6 15. Bh4 g5 16. Bg3 f5 17. Bd6 fxe4 18. Bxf8 Qxf8 19. Re1 Qf4 20. g3 Qf3 21. Qd2 Rf8 22. Rad1 h5 23. Qe2 h4 24. Rd2 Nf6 25. g4 Qf4 26. h3 Kh8 1/2-1/2

[Event "Plunge op 40th"]
[Site "Plateliai"]
[Date "2020.07.15"]
[Round "4"]
[White "Pluta, Paulius"]
[Black "Povilaitis, Tomas"]
[Result "0-1"]
[WhiteElo "1817"]
[BlackElo "1832"]
[PlyCount "56"]
[EventDate "2020.07.13"]
[EventType "swiss"]
[EventRounds "9"]
[EventCountry "LTU"]
[SourceTitle "CBM 197 Extra"]
[Source "ChessBase"]
[SourceDate "2020.09.30"]
[SourceVersion "1"]
[SourceVersionDate "2020.09.30"]
[SourceQuality "1"]

1. e4 c5 2. c3 Nf6 3. e5 Nd5 4. d4 cxd4 5. Nf3 Nc6 6. Bc4 Nb6 7. Bb3 d6 8. exd6 e6 9. cxd4 Bxd6 10. Nc3 Bd7 11. 0-0 0-0 12. a3 Ne7 13. Bg5 h6 14. Bh4 Qb8 15. Ne4 Nf5 16. Nxd6 Qxd6 17. Bc2 Nxh4 18. Nxh4 Bb5 19. Re1 Rad8 20. a4 Ba6 21. a5 Nd5 22. Bb3 Nf4 23. Qf3 Qxd4 24. g3 Nh3+ 25. Kg2 Ng5 26. Qh5 b6 27. axb6 Bb7+ 28. Kg1 Nh3+ 0-1

[Event "Plunge op-A 39th"]
[Site "Plateliai"]
[Date "2019.07.20"]
[Round "8"]
[White "Povilaitis, Tomas"]
[Black "Pluta, Paulius"]
[Result "1-0"]
[WhiteElo "1871"]
[BlackElo "1860"]
[PlyCount "77"]
[EventDate "2019.07.15"]
[EventType "swiss"]
[EventRounds "9"]
[EventCountry "LTU"]
[SourceTitle "EXT 2020"]
[Source "ChessBase"]
[SourceDate "2019.10.17"]
[SourceVersion "1"]
[SourceVersionDate "2019.10.17"]
[SourceQuality "1"]

1. e4 e6 2. d3 d5 3. Nd2 Nf6 4. Ngf3 Bc5 5. e5 Nfd7 6. d4 Be7 7. Bd3 c5 8. c3 b6 9. Nf1 Ba6 10. Ng3 Bxd3 11. Qxd3 c4 12. Qe2 Nc6 13. 0-0 Qc7 14. Be3 0-0-0 15. b3 Na5 16. b4 Nc6 17. a4 h5 18. Rfb1 h4 19. Nf1 f6 20. Bf4 Bf8 21. h3 Re8 22. a5 b5 23. Re1 Qd8 24. exf6 gxf6 25. Ne3 Bh6 26. Bh2 Bxe3 27. Qxe3 a6 28. Qf4 e5 29. Qf5 Ne7 30. Qe6 Kb7 31. dxe5 fxe5 32. Nxe5 Nxe5 33. Qxe5 Nc6 34. Qg7+ Ka8 35. Red1 Reg8 36. Qf7 d4 37. Qf3 Rh6 38. Rxd4 Qg5 39. Rg4 1-0

[Event "Plunge op-A 39th"]
[Site "Plateliai"]
[Date "2019.07.18"]
[Round "6"]
[White "Simkunaite, Gabija"]
[Black "Pluta, Paulius"]
[Result "1/2-1/2"]
[WhiteElo "1914"]
[BlackElo "1860"]
[PlyCount "95"]
[EventDate "2019.07.15"]
[EventType "swiss"]
[EventRounds "9"]
[EventCountry "LTU"]
[SourceTitle "CBM 191 Extra"]
[Source "ChessBase"]
[SourceDate "2019.09.30"]
[SourceVersion "1"]
[SourceVersionDate "2019.09.30"]
[SourceQuality "1"]

1. e4 c5 2. c3 Nf6 3. e5 Nd5 4. d4 cxd4 5. cxd4 e6 6. Nf3 d6 7. Nc3 dxe5 8. Nxe5 Bb4 9. Bd2 0-0 10. Bd3 Nc6 11. Nxc6 bxc6 12. 0-0 Qb6 13. Qg4 Rd8 14. Bg5 Re8 15. Qh4 g6 16. Ne4 Be7 17. Bc4 Bxg5 18. Qxg5 Qd8 19. Qe5 f6 20. Qg3 Kg7 21. Rac1 a5 22. Rfe1 e5 23. dxe5 Rxe5 24. Nc5 Qe7 25. Rxe5 fxe5 26. Na4 Bf5 27. Re1 Re8 28. Qb3 Qb4 29. Rd1 Be6 30. Qxb4 axb4 31. Nc5 Nf4 32. Bxe6 Nxe6 33. Rd7+ Kh6 34. Nxe6 Rxe6 35. Kf1 c5 36. Ra7 Rc6 37. Ke2 c4 38. Kd2 Rd6+ 39. Ke2 Rc6 40. f3 c3 41. bxc3 bxc3 42. Kd1 Rd6+ 43. Kc2 Rd2+ 44. Kxc3 Rxg2 45. Kd3 Rxh2 46. a4 Ra2 47. Ke3 Kg5 48. Rxh7 1/2-1/2

[Event "Plunge op-A 39th"]
[Site "Plateliai"]
[Date "2019.07.17"]
[Round "4"]
[White "Vainauskas, Haroldas"]
[Black "Pluta, Paulius"]
[Result "0-1"]
[WhiteElo "1410"]
[BlackElo "1860"]
[PlyCount "54"]
[EventDate "2019.07.15"]
[EventType "swiss"]
[EventRounds "9"]
[EventCountry "LTU"]
[SourceTitle "CBM 191 Extra"]
[Source "ChessBase"]
[SourceDate "2019.09.30"]
[SourceVersion "1"]
[SourceVersionDate "2019.09.30"]
[SourceQuality "1"]

1. d4 e6 2. c4 d5 3. Nc3 c6 4. Bf4 dxc4 5. e3 b5 6. Qf3 Qb6 7. Nge2 Bb7 8. Qg3 Na6 9. Be5 Ne7 10. Ne4 Nf5 11. Qf4 f6 12. Nd6+ Nxd6 13. Bxd6 0-0-0 14. Bxf8 Rhxf8 15. Qg4 Nb4 16. Nf4 f5 17. Qd1 c5 18. a3 Nd5 19. Nxd5 Rxd5 20. Be2 cxd4 21. Bf3 Rd7 22. Bxb7+ Qxb7 23. Qf3 Qxf3 24. gxf3 dxe3 25. fxe3 Rd3 26. Ke2 Rfd8 27. Rhg1 g6 0-1

[Event "Plunge op-A 39th"]
[Site "Plateliai"]
[Date "2019.07.16"]
[Round "3"]
[White "Pluta, Paulius"]
[Black "Barsciauskas, Gintautas"]
[Result "1-0"]
[WhiteElo "1860"]
[BlackElo "1571"]
[PlyCount "65"]
[EventDate "2019.07.15"]
[EventType "swiss"]
[EventRounds "9"]
[EventCountry "LTU"]
[SourceTitle "CBM 191 Extra"]
[Source "ChessBase"]
[SourceDate "2019.09.30"]
[SourceVersion "1"]
[SourceVersionDate "2019.09.30"]
[SourceQuality "1"]

1. e4 c5 2. c3 d5 3. exd5 Qxd5 4. d4 e6 5. Nf3 Nf6 6. Be3 cxd4 7. cxd4 Nc6 8. Nc3 Qa5 9. a3 Nd5 10. Bd2 Qd8 11. Bc4 Nf6 12. Bg5 Be7 13. 0-0 0-0 14. Qd3 Nd5 15. Nxd5 Bxg5 16. Nxg5 Qxg5 17. Nc3 Rd8 18. Qe3 Qxe3 19. fxe3 b6 20. d5 Ne5 21. Ba2 Ba6 22. dxe6 Bxf1 23. exf7+ Kf8 24. Rxf1 h6 25. Nd5 Rac8 26. Nf4 Rc6 27. Ne6+ Rxe6 28. Bxe6 Rd6 29. Ba2 Rd2 30. Rc1 Nxf7 31. Rf1 Rd7 32. e4 Ke8 33. Bxf7+ 1-0

[Event "Plunge op-A 39th"]
[Site "Plateliai"]
[Date "2019.07.15"]
[Round "1"]
[White "Pluta, Paulius"]
[Black "Sakalauskas, Vaidas"]
[Result "0-1"]
[WhiteElo "1860"]
[BlackElo "2329"]
[PlyCount "82"]
[EventDate "2019.07.15"]
[EventType "swiss"]
[EventRounds "9"]
[EventCountry "LTU"]
[SourceTitle "CBM 191 Extra"]
[Source "ChessBase"]
[SourceDate "2019.09.30"]
[SourceVersion "1"]
[SourceVersionDate "2019.09.30"]
[SourceQuality "1"]

1. e4 d6 2. d4 Nf6 3. Nc3 c6 4. Nge2 b5 5. a3 e5 6. g3 Be7 7. Bg2 Nbd7 8. 0-0 Bb7 9. h3 h5 10. Be3 Qc7 11. d5 cxd5 12. exd5 a6 13. a4 b4 14. Na2 a5 15. c3 Nb6 16. Bxb6 Qxb6 17. cxb4 axb4 18. Qb3 Ba6 19. Rfe1 Rb8 20. a5 Qxa5 21. Nxb4 Qxb4 22. Qxb4 Rxb4 23. Rxa6 0-0 24. Ra7 Bd8 25. Rb1 Bb6 26. Ra6 Rc8 27. b3 Rc2 28. Kf1 Ne4 29. Bxe4 Rxe4 30. Rxb6 Rexe2 31. Rxd6 Rxf2+ 32. Kg1 Rg2+ 33. Kh1 Rxg3 34. Rd8+ Kh7 35. d6 Rxh3+ 36. Kg1 Rg3+ 37. Kh1 Rd2 38. b4 h4 39. b5 h3 40. b6 Rgg2 41. b7 Rh2+ 0-1

[Event "Panevezys op-A"]
[Site "Panevezys"]
[Date "2019.06.28"]
[Round "7"]
[White "Sibajeva, Marija"]
[Black "Pluta, Paulius"]
[Result "1/2-1/2"]
[WhiteElo "2031"]
[BlackElo "1860"]
[PlyCount "56"]
[EventDate "2019.06.24"]
[EventType "swiss"]
[EventRounds "9"]
[EventCountry "LTU"]
[SourceTitle "CBM 191 Extra"]
[Source "ChessBase"]
[SourceDate "2019.09.30"]
[SourceVersion "1"]
[SourceVersionDate "2019.09.30"]
[SourceQuality "1"]

1. e4 e6 2. d4 d5 3. Nd2 Nc6 4. Ngf3 Nf6 5. e5 Nd7 6. c3 f6 7. exf6 Qxf6 8. Nb3 Bd6 9. Bg5 Qf7 10. Be2 0-0 11. 0-0 e5 12. Rc1 exd4 13. Nfxd4 Nxd4 14. Nxd4 Qg6 15. Be3 c6 16. Bd3 Qf6 17. Nf5 Ne5 18. Nxd6 Nxd3 19. Qxd3 Qxd6 20. c4 Bf5 21. Qd2 Qg6 22. Rfd1 Be4 23. f4 dxc4 24. Qf2 Bd5 25. Rd2 a6 26. Bd4 Rab8 27. Qg3 Qxg3 28. hxg3 Rfe8 1/2-1/2

[Event "Panevezys op-A"]
[Site "Panevezys"]
[Date "2019.06.26"]
[Round "4"]
[White "Pluta, Paulius"]
[Black "Vardanyan, Aras"]
[Result "1/2-1/2"]
[WhiteElo "1860"]
[BlackElo "2086"]
[PlyCount "57"]
[EventDate "2019.06.24"]
[EventType "swiss"]
[EventRounds "9"]
[EventCountry "LTU"]
[SourceTitle "CBM 191 Extra"]
[Source "ChessBase"]
[SourceDate "2019.09.30"]
[SourceVersion "1"]
[SourceVersionDate "2019.09.30"]
[SourceQuality "1"]

1. e4 c5 2. c3 Nf6 3. e5 Nd5 4. d4 cxd4 5. Nf3 e6 6. cxd4 b6 7. Bc4 Bb7 8. 0-0 Qc7 9. Qe2 d6 10. Bd2 Nd7 11. Rc1 Qd8 12. Nc3 Nxc3 13. Bxc3 Bxf3 14. Qxf3 d5 15. Bd3 Be7 16. Qh3 g6 17. f4 0-0 18. g4 f5 19. exf6 Rxf6 20. g5 Rxf4 21. Qxe6+ Kh8 22. Qxd5 Rg4+ 23. Kh1 Rxg5 24. Qe6 Bf6 25. Rg1 Rxg1+ 26. Rxg1 Qe8 27. Re1 Qxe6 28. Rxe6 Kg7 29. Bb5 1/2-1/2

[Event "Panevezys op-A"]
[Site "Panevezys"]
[Date "2019.06.25"]
[Round "2"]
[White "Pluta, Paulius"]
[Black "Kipluka, Anna Krista"]
[Result "1-0"]
[WhiteElo "1860"]
[BlackElo "1353"]
[PlyCount "49"]
[EventDate "2019.06.24"]
[EventType "swiss"]
[EventRounds "9"]
[EventCountry "LTU"]
[SourceTitle "CBM 191 Extra"]
[Source "ChessBase"]
[SourceDate "2019.09.30"]
[SourceVersion "1"]
[SourceVersionDate "2019.09.30"]
[SourceQuality "1"]

1. e4 c6 2. d4 d5 3. f3 dxe4 4. fxe4 e5 5. Nf3 Nd7 6. Bc4 h6 7. 0-0 exd4 8. Bxf7+ Ke7 9. Nh4 Ngf6 10. Ng6+ Kxf7 11. Nxh8+ Kg8 12. Ng6 Bc5 13. Nd2 Qe8 14. Nf4 Ne5 15. Nd3 Bg4 16. Qe1 Nxd3 17. cxd3 Bb4 18. Qf2 Bxd2 19. Bxd2 Qe5 20. Bxh6 gxh6 21. Qxf6 Qxf6 22. Rxf6 Be2 23. Rxh6 Bxd3 24. Rd1 Bxe4 25. Rxd4 1-0

[Event "LTU-chT"]
[Site "Lithuania"]
[Date "2019.03.30"]
[Round "4.1"]
[White "Drozdov, Sergej"]
[Black "Pluta, Paulius"]
[Result "1-0"]
[WhiteElo "2190"]
[BlackElo "1846"]
[PlyCount "111"]
[EventDate "2019.01.26"]
[EventType "team-swiss"]
[EventRounds "7"]
[EventCountry "LTU"]
[SourceTitle "CBM 189 Extra"]
[Source "ChessBase"]
[SourceDate "2019.06.03"]
[SourceVersion "1"]
[SourceVersionDate "2019.06.03"]
[SourceQuality "1"]
[WhiteTeam "Klaipeda Bokstas"]
[BlackTeam "Kaunas Ezerelio II"]
[WhiteTeamCountry "LTU"]
[BlackTeamCountry "LTU"]

1. d4 d5 2. Nf3 Nf6 3. Bf4 c5 4. c3 Nc6 5. e3 Qb6 6. Qb3 c4 7. Qxb6 axb6 8. Na3 Na7 9. Nb1 Nc6 10. Be2 b5 11. 0-0 Bf5 12. a3 b4 13. cxb4 Nxb4 14. Nc3 Nd3 15. Bxd3 Bxd3 16. Rfc1 e6 17. Nb5 Ra5 18. Nd6+ Bxd6 19. Bxd6 Ne4 20. Bb4 Ra6 21. Ne1 Kd7 22. f3 Nd6 23. Nxd3 cxd3 24. Bxd6 Kxd6 25. Rc3 Rc6 26. Rxd3 Rhc8 27. Rd2 Rc2 28. Rad1 f5 29. Kf2 g5 30. Ke2 h5 31. Kd3 Rc1 32. h3 b5 33. Rxc1 Rxc1 34. Re2 b4 35. axb4 Rc4 36. b5 Rb4 37. Kc3 Rxb5 38. b4 Rb8 39. Kb3 Kc6 40. e4 fxe4 41. fxe4 h4 42. Rc2+ Kd6 43. e5+ Kd7 44. Ra2 g4 45. hxg4 Rg8 46. b5 Rxg4 47. Kc3 Rg3+ 48. Kb4 h3 49. gxh3 Rxh3 50. Ra7+ Kd8 51. Kc5 Rd3 52. Kd6 Kc8 53. Kxe6 Rxd4 54. Kd6 Rb4 55. e6 Rxb5 56. Kc6 1-0

[Event "LTU-ch"]
[Site "Vilnius"]
[Date "2019.03.18"]
[Round "6"]
[White "Pluta, Paulius"]
[Black "Juksta, Karolis"]
[Result "1/2-1/2"]
[WhiteElo "1846"]
[BlackElo "2281"]
[PlyCount "97"]
[EventDate "2019.03.15"]
[EventType "swiss"]
[EventRounds "9"]
[EventCountry "LTU"]
[SourceTitle "CBM 189 Extra"]
[Source "ChessBase"]
[SourceDate "2019.06.03"]
[SourceVersion "1"]
[SourceVersionDate "2019.06.03"]
[SourceQuality "1"]

1. e4 e6 2. d4 d5 3. Nc3 Nf6 4. Bg5 Be7 5. e5 Nfd7 6. Bxe7 Qxe7 7. f4 a6 8. Nf3 b6 9. Qd2 c5 10. Nd1 Bb7 11. c3 Nc6 12. Bd3 0-0 13. Ne3 f6 14. 0-0 fxe5 15. fxe5 b5 16. a3 Nb6 17. dxc5 Nd7 18. b4 Ncxe5 19. Nxe5 Nxe5 20. Rae1 Nd7 21. Nf5 Rxf5 22. Bxf5 Nf8 23. Bg4 Re8 24. Rf2 e5 25. Ref1 Bc6 26. Bh5 Ng6 27. Bxg6 hxg6 28. Qd3 Qg5 29. Qg3 Qxg3 30. hxg3 a5 31. Rf7 axb4 32. axb4 d4 33. cxd4 exd4 34. Rc7 Be4 35. Rd7 d3 36. Rd1 Ra8 37. R1xd3 Bxd3 38. Rxd3 Ra4 39. c6 Ra1+ 40. Kf2 Rc1 41. Rd6 Rc4 42. Ke3 g5 43. Rd8+ Kh7 44. c7 Rxc7 45. Rb8 Rc3+ 46. Kf2 Rc2+ 47. Kg1 Rc1+ 48. Kf2 Rc2+ 49. Kg1 1/2-1/2

[Event "Plunge op-A 38th"]
[Site "Plateliai"]
[Date "2018.07.16"]
[Round "1"]
[White "Pluta, Paulius"]
[Black "Narmontas, Raimondas"]
[Result "1-0"]
[WhiteElo "1728"]
[BlackElo "2044"]
[PlyCount "90"]
[EventDate "2018.07.16"]
[EventType "swiss"]
[EventRounds "9"]
[EventCountry "LTU"]
[SourceTitle "EXT 2019"]
[Source "ChessBase"]
[SourceDate "2018.10.10"]
[SourceVersion "1"]
[SourceVersionDate "2018.10.10"]
[SourceQuality "1"]

1. e4 d5 2. exd5 Qxd5 3. Nf3 Nf6 4. Be2 Bf5 5. d4 e6 6. c4 Qd8 7. Qb3 Qc8 8. Nc3 c6 9. Bf4 Nh5 10. Be3 Bd6 11. Nh4 Bg6 12. Nxg6 hxg6 13. Ne4 Be7 14. 0-0 Nd7 15. d5 e5 16. dxc6 bxc6 17. Rad1 Qc7 18. Bf3 Nhf6 19. Nxf6+ Nxf6 20. g3 e4 21. Bg2 Ng4 22. Bf4 Qc8 23. Bxe4 Rxh2 24. Qa4 g5 25. Qxc6+ Kf8 26. Qxa8 Qxa8 27. Bxa8 gxf4 28. Bf3 fxg3 29. Bxg4 Bc5 30. b4 Bxf2+ 31. Rxf2 Rxf2 32. c5 Rc2 33. Bf5 Rc4 34. a3 g6 35. Bd7 Ke7 36. Bb5 Rc2 37. Rd7+ Ke6 38. Rxa7 f5 39. Ra6+ Kf7 40. Rd6 f4 41. Bd3 Rc1+ 42. Kg2 g5 43. Rd5 Rc3 44. Be4 Re3 45. Rxg5 Ke6 1-0

[Event "Panevezys op-A"]
[Site "Panevezys"]
[Date "2018.07.05"]
[Round "8"]
[White "Pluta, Paulius"]
[Black "Kaunas, Kestutis"]
[Result "1/2-1/2"]
[WhiteElo "1728"]
[BlackElo "2148"]
[PlyCount "43"]
[EventDate "2018.06.29"]
[EventType "swiss"]
[EventRounds "9"]
[EventCountry "LTU"]
[SourceTitle "CBM 185 Extra"]
[Source "ChessBase"]
[SourceDate "2018.07.29"]
[SourceVersion "1"]
[SourceVersionDate "2018.07.29"]
[SourceQuality "1"]

1. e4 e5 2. Nf3 Nc6 3. d4 exd4 4. Bc4 Nf6 5. e5 Ng4 6. Qe2 Qe7 7. Bf4 d6 8. exd6 Qxe2+ 9. Bxe2 Bxd6 10. Bxd6 cxd6 11. Na3 a6 12. Nc4 Be6 13. Nxd6+ Ke7 14. Nc4 b5 15. Ncd2 Rhd8 16. h3 Nge5 17. Nxe5 Nxe5 18. Nf3 Nxf3+ 19. Bxf3 Rac8 20. Be4 Bd5 21. Bxd5 Rxd5 22. Kd2 1/2-1/2

[Event "Panevezys op-A"]
[Site "Panevezys"]
[Date "2018.07.03"]
[Round "6"]
[White "Kolasa, Pjotrs"]
[Black "Pluta, Paulius"]
[Result "1-0"]
[WhiteElo "2041"]
[BlackElo "1728"]
[PlyCount "103"]
[EventDate "2018.06.29"]
[EventType "swiss"]
[EventRounds "9"]
[EventCountry "LTU"]
[SourceTitle "CBM 185 Extra"]
[Source "ChessBase"]
[SourceDate "2018.07.29"]
[SourceVersion "1"]
[SourceVersionDate "2018.07.29"]
[SourceQuality "1"]

1. Nf3 d5 2. c4 d4 3. g3 Nc6 4. Bg2 e5 5. 0-0 Nf6 6. d3 a5 7. e3 dxe3 8. Bxe3 Be7 9. d4 exd4 10. Nxd4 Nxd4 11. Bxd4 0-0 12. Nc3 c6 13. Be5 Qxd1 14. Raxd1 a4 15. Rfe1 Be6 16. Bf1 Ng4 17. Bd6 Bxd6 18. Rxd6 Ra5 19. f4 Raa8 20. h3 Nh6 21. g4 g6 22. f5 Bc8 23. Bd3 Kg7 24. f6+ Kh8 25. Bc2 a3 26. b3 Be6 27. Red1 Rac8 28. R1d2 Rce8 29. Ne4 Ng8 30. Kf2 h5 31. g5 Bxh3 32. Kg3 Bf5 33. Kf4 Ra8 34. Ng3 Bxc2 35. Rxc2 Rfe8 36. Ne4 Ra5 37. c5 Rb5 38. Rc4 Ra8 39. Rd7 Rxb3 40. axb3 a2 41. Rc1 a1Q 42. Rxa1 Rxa1 43. Nd6 Rf1+ 44. Ke5 Re1+ 45. Kd4 Nxf6 46. gxf6 Re6 47. Rxf7 Kg8 48. Rg7+ Kf8 49. Rxg6 b6 50. b4 bxc5+ 51. bxc5 h4 52. Rh6 1-0

[Event "LTU-ch"]
[Site "Kaunas"]
[Date "2018.03.04"]
[Round "4"]
[White "Kavaliauskas, Tomas"]
[Black "Pluta, Paulius"]
[Result "0-1"]
[WhiteElo "1355"]
[BlackElo "1740"]
[PlyCount "76"]
[EventDate "2018.03.02"]
[EventType "swiss"]
[EventRounds "9"]
[EventCountry "LTU"]
[SourceTitle "CBM 183 Extra"]
[Source "ChessBase"]
[SourceDate "2018.04.19"]
[SourceVersion "1"]
[SourceVersionDate "2018.04.19"]
[SourceQuality "1"]

1. d4 e6 2. Nf3 c5 3. c3 Nc6 4. Bg5 Qb6 5. Qb3 d5 6. e3 Bd6 7. dxc5 Bxc5 8. Qxb6 Bxb6 9. Bd3 Nge7 10. Nbd2 f6 11. Bh4 e5 12. Bc2 g5 13. Bg3 h5 14. h3 Nf5 15. Bh2 g4 16. Ng1 g3 17. Bxf5 gxf2+ 18. Kxf2 Bxf5 19. Ngf3 0-0-0 20. b4 h4 21. Nb3 Rh7 22. Nc5 d4 23. cxd4 exd4 24. e4 Bxc5 25. bxc5 Bxe4 26. Rhe1 Bd5 27. a3 d3 28. Bd6 Bxf3 29. gxf3 Nd4 30. Rad1 Nb3 31. Rxd3 Nxc5 32. Rc1 b6 33. Ke3 Rhd7 34. a4 Rxd6 35. Rdc3 Rd3+ 36. Rxd3 Rxd3+ 37. Ke2 Ra3 38. Rc4 Rxa4 0-1

[Event "LTU-chT"]
[Site "Lithuania"]
[Date "2018.01.28"]
[Round "2.1"]
[White "Rositsan, Boris"]
[Black "Pluta, Paulius"]
[Result "1-0"]
[WhiteElo "2076"]
[BlackElo "1788"]
[PlyCount "53"]
[EventDate "2018.01.27"]
[EventType "team-swiss"]
[EventRounds "7"]
[EventCountry "LTU"]
[SourceTitle "EXT 2019"]
[Source "ChessBase"]
[SourceDate "2018.10.10"]
[SourceVersion "1"]
[SourceVersionDate "2018.10.10"]
[SourceQuality "1"]
[WhiteTeam "Vilnius LASF"]
[BlackTeam "Kaunas Mirazas"]
[WhiteTeamCountry "LTU"]
[BlackTeamCountry "LTU"]

1. e4 e6 2. d4 d5 3. e5 c5 4. c3 Qb6 5. Nf3 Nc6 6. Bd3 cxd4 7. cxd4 Bd7 8. 0-0 Nxd4 9. Nxd4 Qxd4 10. Nc3 a6 11. Re1 Ne7 12. Be3 Qxe5 13. Bc5 Qc7 14. Ba3 d4 15. Ne4 Nc6 16. Nc5 b5 17. Rc1 b4 18. Bxb4 Nxb4 19. Nxe6 Qxc1 20. Nf4+ Be6 21. Qxc1 Nxd3 22. Qc6+ Ke7 23. Nd5+ Kd8 24. Qxa8+ Kd7 25. Qb7+ Kd6 26. Qxa6+ Kxd5 27. Qxd3 1-0

[Event "Panevezys Gigant op-A"]
[Site "Panevezys"]
[Date "2017.08.22"]
[Round "6"]
[White "Pluta, Paulius"]
[Black "Luza, Kestutis"]
[Result "1-0"]
[WhiteElo "1903"]
[BlackElo "1578"]
[PlyCount "21"]
[EventDate "2017.08.19"]
[EventType "swiss"]
[EventRounds "9"]
[EventCountry "LTU"]
[SourceTitle "EXT 2019"]
[Source "ChessBase"]
[SourceDate "2018.10.10"]
[SourceVersion "1"]
[SourceVersionDate "2018.10.10"]
[SourceQuality "1"]

1. e4 c5 2. c3 Nc6 3. d4 cxd4 4. cxd4 d5 5. exd5 Qxd5 6. Nf3 Bg4 7. Nc3 Qa5 8. d5 0-0-0 9. Bd2 Ne5 10. Nb5 Qb6 11. Qc2+ 1-0

[Event "Panevezys Gigant op-A"]
[Site "Panevezys"]
[Date "2017.08.20"]
[Round "2"]
[White "Pluta, Paulius"]
[Black "Sinijs, Adrians"]
[Result "1-0"]
[WhiteElo "1903"]
[BlackElo "1453"]
[PlyCount "43"]
[EventDate "2017.08.19"]
[EventType "swiss"]
[EventRounds "9"]
[EventCountry "LTU"]
[SourceTitle "EXT 2019"]
[Source "ChessBase"]
[SourceDate "2018.10.10"]
[SourceVersion "1"]
[SourceVersionDate "2018.10.10"]
[SourceQuality "1"]

1. e4 g6 2. d4 Bg7 3. Nc3 d6 4. g3 Nd7 5. Bg2 c5 6. Nge2 Ngf6 7. 0-0 0-0 8. h3 Rb8 9. a4 b6 10. f4 cxd4 11. Nxd4 Bb7 12. Re1 Nc5 13. b4 Ne6 14. Nxe6 fxe6 15. Rb1 a6 16. Bb2 Qc7 17. Ne2 Bxe4 18. Bxf6 Bxc2 19. Rc1 Bxd1 20. Rxc7 Bxf6 21. Rxd1 Rfc8 22. Rdc1 1-0

[Event "Klaipeda Sea op-A 14th"]
[Site "Klaipeda"]
[Date "2017.07.30"]
[Round "7"]
[White "Pluta, Paulius"]
[Black "Piksrys, Rutenis"]
[Result "1-0"]
[WhiteElo "1751"]
[BlackElo "1521"]
[PlyCount "71"]
[EventDate "2017.07.24"]
[EventType "swiss"]
[EventRounds "7"]
[EventCountry "LTU"]
[SourceTitle "CBM 179 Extra"]
[Source "ChessBase"]
[SourceDate "2017.08.23"]
[SourceVersion "1"]
[SourceVersionDate "2017.08.23"]
[SourceQuality "1"]

1. e4 b6 2. d4 Bb7 3. Nc3 e6 4. Bd3 Nf6 5. f3 d6 6. Nge2 Be7 7. 0-0 0-0 8. Ng3 c5 9. Nce2 Nc6 10. Be3 cxd4 11. Nxd4 Ne5 12. Be2 d5 13. f4 Nc4 14. Bc1 Rc8 15. e5 Ne4 16. c3 Nxg3 17. hxg3 a6 18. Bd3 Qd7 19. Qh5 g6 20. Qh6 f5 21. g4 Rc5 22. gxf5 exf5 23. Kh2 Re8 24. Bxf5 gxf5 25. Rf3 Bf8 26. Rg3+ Kh8 27. Qf6+ Bg7 28. e6 Qe7 29. Qxe7 Rxe7 30. Nxf5 Rec7 31. b3 Bxc3 32. Rxc3 Na5 33. Rxc5 Rxc5 34. e7 Bc6 35. Bb2+ Kg8 36. Nh6# 1-0

[Event "Klaipeda Sea op-A 14th"]
[Site "Klaipeda"]
[Date "2017.07.27"]
[Round "4"]
[White "Scekaciov, Rostislav"]
[Black "Pluta, Paulius"]
[Result "0-1"]
[WhiteElo "1212"]
[BlackElo "1751"]
[PlyCount "70"]
[EventDate "2017.07.24"]
[EventType "swiss"]
[EventRounds "7"]
[EventCountry "LTU"]
[SourceTitle "CBM 179 Extra"]
[Source "ChessBase"]
[SourceDate "2017.08.23"]
[SourceVersion "1"]
[SourceVersionDate "2017.08.23"]
[SourceQuality "1"]

1. d4 e6 2. c4 f5 3. Bf4 Nf6 4. e3 Bb4+ 5. Nc3 0-0 6. a3 Bxc3+ 7. bxc3 d6 8. Nf3 b6 9. d5 e5 10. Bg3 Ne4 11. Qc2 Nd7 12. Bd3 Ndc5 13. Bxe4 Nxe4 14. Nd2 Nc5 15. h3 f4 16. exf4 exf4 17. Bh2 Bf5 18. Qa2 Nd3+ 19. Kf1 Qh4 20. Nf3 Qh6 21. Nd4 f3 22. Nxf3 Be4 23. Qc2 Rae8 24. Bg3 Ne1 25. Qc1 Bd3+ 26. Kg1 Nxf3+ 27. gxf3 Qg6 28. Kg2 Rxf3 29. Re1 Ref8 30. Qd2 Be4 31. Rxe4 Qxe4 32. Kh2 Qxc4 33. Re1 Qxc3 34. Qe2 Qf6 35. Kg2 Rxa3 0-1

[Event "Klaipeda Sea op-A 14th"]
[Site "Klaipeda"]
[Date "2017.07.25"]
[Round "2"]
[White "Vainauskas, Haroldas"]
[Black "Pluta, Paulius"]
[Result "1/2-1/2"]
[WhiteElo "1315"]
[BlackElo "1751"]
[PlyCount "40"]
[EventDate "2017.07.24"]
[EventType "swiss"]
[EventRounds "7"]
[EventCountry "LTU"]
[SourceTitle "CBM 179 Extra"]
[Source "ChessBase"]
[SourceDate "2017.08.23"]
[SourceVersion "1"]
[SourceVersionDate "2017.08.23"]
[SourceQuality "1"]

1. d4 e6 2. Bf4 d5 3. e3 Bd6 4. Bg3 Nf6 5. Bd3 c5 6. c3 Qc7 7. Nf3 Nbd7 8. Qe2 0-0 9. Nbd2 e5 10. dxc5 Nxc5 11. e4 Bg4 12. Bh4 Nfxe4 13. Bxe4 dxe4 14. Nxe4 Nxe4 15. Qxe4 f5 16. Qd5+ Kh8 17. 0-0-0 e4 18. Qxd6 Qxd6 19. Rxd6 exf3 20. gxf3 Bxf3 1/2-1/2